000
00238 a2200097 4500
001
45382
100
_a
Khwaja Razi Haider
245
_a
Surveillance and target acquisition system
260
_a
Oxford
_b
Brassey's
_c
090
_c
28542
_d
28542
942
_a
NUST-CAE
_c
M
_c
20605
999
_c
280455
_d
280455